000 00639nam a2200229Ia 4500
003 OSt
005 20220925191333.0
006 a|||||r|||| 00| 0
007 ta
008 220923b |||||||| |||| 00| 0 eng d
037 _cGeneral Book
040 _aRTL
_cRTL
_beng
041 _2eng
_aeng
082 _aX622.2.N70, L0
110 _aINDUSTRIAL DEVELOPMENT BANK OF INDIA
_9127248
245 0 _aAnnual report,1969-70.
260 _aBombay
_bIDBI
_c1970
300 _a49p.
_ccm.
700 _aINDUSTRIAL DEVELOPMENT BANK OF INDIA
_9127249
942 _hX622.2.N70, L0
_cGB
_2CC
999 _c518070
_d518070